| 000 | 00440nam a2200169Ia 4500 | ||
|---|---|---|---|
| 008 | 151213s9999 xx 000 0 und d | ||
| 020 | _a984-643-065-0 | ||
| 082 |
_a821.1 _b821.1 |
||
| 100 | _aT.S Eliot | ||
| 245 |
_aThe West Land and Other Poems _cT.S Eliot |
||
| 260 |
_aDhaka _bFriends Book Corner _c2010 |
||
| 300 | _a11803 p. | ||
| 650 | _aEnglish Literature | ||
| 650 | _aEnglish Literature | ||
| 700 | _aT.S Eliot | ||
| 999 |
_c5046 _d5046 |
||